MEXICO EN EL SIGLO XIX : (Registro nro. 20836)
[ vista simple ]
| 000 -LEADER | |
|---|---|
| fixed length control field | 00529nam a2200181 a 4500 |
| 001 - CONTROL NUMBER | |
| control field | 20836 |
| 005 - DATE AND TIME OF LATEST TRANSACTION | |
| control field | 20180713214502.0 |
| 008 - FIXED-LENGTH DATA ELEMENTS--GENERAL INFORMATION | |
| fixed length control field | 140415s1973 000 0 spa d |
| 041 ## - LANGUAGE CODE | |
| Language code of text/sound track or separate title | spa |
| 082 ## - DEWEY DECIMAL CLASSIFICATION NUMBER | |
| Classification number | 972.03 |
| Item number | MAT |
| 100 1# - MAIN ENTRY--PERSONAL NAME | |
| Personal name | Matute, Alvaro,. |
| 245 10 - TITLE STATEMENT | |
| Title | MEXICO EN EL SIGLO XIX : |
| Remainder of title | ANTOLOGIA DE FUENTES E INTERPRETACIONES HISTORICAS |
| 250 ## - EDITION STATEMENT | |
| Edition statement | 2a ed. |
| 260 ## - PUBLICATION, DISTRIBUTION, ETC. | |
| Place of publication, distribution, etc. | [s.l.] : |
| Name of publisher, distributor, etc. | UNAM, |
| Date of publication, distribution, etc. | 1973 |
| 300 ## - PHYSICAL DESCRIPTION | |
| Extent | 563 |
| 490 ## - SERIES STATEMENT | |
| Series statement | LECTURAS UNIVERSITARIAS |
| Volume/sequential designation | 12 |
| 650 14 - SUBJECT ADDED ENTRY--TOPICAL TERM | |
| Topical term or geographic name entry element | MEXICO |
| General subdivision | HISTORIA |
| -- | COLONIA, 1521 |
| -- | 1821 |
| Withdrawn status | Lost status | Source of classification or shelving scheme | Damaged status | Not for loan | Collection code | Home library | Current library | Shelving location | Date acquired | Source of acquisition | Inventory number | Total Checkouts | Full call number | Barcode | Date last seen | Price effective from | Koha item type |
|---|---|---|---|---|---|---|---|---|---|---|---|---|---|---|---|---|---|
| Dewey Decimal Classification | General | Biblioteca Karol Wojtyla | Biblioteca Karol Wojtyla | Sala general | 03/12/2013 | Compra | 151000000000000000037654 | 972.03 MAT | 4085 | 05/01/2026 | 03/12/2013 | Libro |